00813nam a2200193 a 450000100100000000500170001000800410002704000250006808200160009310000260010924500910013526000360022630000270026271000760028904900090036595201140037495201140048899900170060200003256620200930065717.0110719s2008 dr a 000 0 spa d aDO-SdBNPbspacBNPHU axxxxbP762p1 aPolanco, Tania95850010aPatógenos asociados a las musáceas en la República Dominicana. /cTania Polanco. aSanto Domingo, :bIDIAF,c2008. a27 p. :bil. ;c22 cm.2 aInstituto Dominicano de Investigaciones Agropecuarias y Forestales9299 aBNPD 0010718PDaPDbPDcCTd2011-07-19iLF1l0oxxxx P762pp32566-10r2020-06-25w2020-06-25yLFPDZNo se presta 0010718PDaPDbPDcCTd2011-07-19iLF1l0oxxxx P762pp32566-20r2020-06-25w2020-06-25yLFPDZNo se presta c32057d32057